The Dragon and the Foreign Devils : (Record no. 615658)

MARC details
000 -LEADER
fixed length control field 00511nam a2200193 a 4500
008 - FIXED-LENGTH DATA ELEMENTS--GENERAL INFORMATION
fixed length control field 260225s2008##################000#0#eng##
020 ## - INTERNATIONAL STANDARD BOOK NUMBER
ISBN 9780747593294
082 04 - DEWEY DECIMAL CLASSIFICATION NUMBER
Classification number 327.51
Item number GEL
100 1# - MAIN ENTRY--AUTHOR NAME
Personal name Gelber, Harry Gregor,
245 10 - TITLE STATEMENT
Title The Dragon and the Foreign Devils :
260 ## - PUBLICATION, DISTRIBUTION, ETC. (IMPRINT)
Name of publisher Bloomsbury Paperbacks,
Year of publication 2008.
300 ## - PHYSICAL DESCRIPTION
Number of Pages 492 pages
650 #0 - SUBJECT ADDED ENTRY--TOPICAL TERM
Topical Term China.
942 ## - ADDED ENTRY ELEMENTS (KOHA)
Koha item type English Books
Holdings
Withdrawn status Lost status Damaged status Not for loan Home library Current library Shelving location Date acquired Full call number Accession Number Price effective from Koha item type
        Anna Centenary Library Anna Centenary Library 3RD FLOOR, B WING 25.02.2026 327.51 GEL 383601 25.02.2026 English Books

Find us on the map